| 000 | 00559nam a22001817a 4500 | ||
|---|---|---|---|
| 005 | 20251108164709.0 | ||
| 008 | 250721s1988 xx 000 0 ara d | ||
| 082 | 1 | 4 | _a751.45/موف |
| 100 | 1 | _aحميد، موفق | |
| 245 | 1 | 0 | _aكيف نرسم بالألوان الزيتية / |
| 264 | 1 |
_aبيروت : _bالمكتبة الحديثة للطباعة و النشر، _c1988. |
|
| 300 | _a143ص : مص | ||
| 490 | 0 | _aسلسلة كيف نرسم | |
| 650 | 1 | 7 | _aالرسم |
| 650 | 1 | 7 | _aالألوان الزيتية |
| 942 |
_2ddc _cBK |
||
| 999 |
_c12105 _d12105 |
||